=LDR 00000nam 2200000 4500 =001 INLIS000000000005245 =005 20251010103959 =035 ##$$a 0010-1025000300 =007 ta =008 251010###########################0#ind## =082 ##$$a 025.2 =084 ##$$a 025.2 BAD a =245 1#$$a Acquisition List : $b Edisi I Januari-Maret 1996 /$c Badan Koordinasi Keluarga Berencana Nasional =260 ##$$a Jakarta :$b BKKBN,$c 1996 =300 ##$$a 7 hal : $b ilus ; $c 21 cm =650 #4$$a Keluarga Berencana =110 #$$a Badan Koordinasi Keluarga Berencana Nasional =856 ##$$a Perpustakaan Kemendukbangga